Der Caymener Apotheker Franz Julius Weiss, ein Bearbeiter der Flora des Samlandes
| Titel: | Der Caymener Apotheker Franz Julius Weiss, ein Bearbeiter der Flora des Samlandes |
|---|---|
| Verfasser: | |
| In: |
Geschichte der Pharmazie, Band 48 (1996), Seite 38-40, Abb. alle Artikel anzeigen |
| Veröffentlicht: | 1996 |
| Format: | Aufsatz |
| Sprache: | Deutsch |
X
alg: 39158027 001A $01999:11-11-16 001B $01999:15-05-21 $t20:59:58.000 001C $06050:19-11-16 $t08:27:38.000 001D $01999:11-11-16 001U $0utf8 001X $00 002@ $0Aox 003@ $0391580272 007A $0391580272 $aHEB 007T $0Herd70939 010@ $ager 011@ $a1996 021A $aDer @Caymener Apotheker Franz Julius Weiss, ein Bearbeiter der Flora des Samlandes 028A $aGraepel $dPeter Hartwig 031A $d48 $h38-40, Abb. $j1996 039B $aIn $8--Abvc--. Geschichte der Pharmazie. - Stuttgart : Dt. Apotheker-Verl., 1949-. - ISSN 0939-334X $x199600000480000962 $9046831002 045F $a929.094382 $eDDC23BSB 045F/01 $a929 045F/03 $g4382 045F/03 $g43832 045T $aPHARM $qDE-84 $2FID 045T $a15,3 lok: 39158027 78 exp: 39158027 78 1 #EPN 201B/01 $003-04-17 $t17:58:18.000 201U/01 $0utf8 203@/01 $0787674567 208@/01 $a11-11-16 $be 209A/01 $a/ $f000 $x00 220C/01 $aTitelaufnehmer: jk 244Z/01 $2Trx $#Prusy Wschodnie i Zachodnie $8--Trx--Ost- und Westpreußen $x01 $939113373X 244Z/01 $2Trx $#Kaymen Labiau $#Kaimen* $#Kajmen $8--Trx--Zareč'e$gGur'evsk $x02 $9391155334 244Z/01 $aGeschichte 1821-1887 $x03 244Z/01 $2Trx $8--Trx--Weiss, Franz Julius$Z1821-1887 $x04 $9391047949 244Z/01 $2Trx $#apteekrid $#vaistininkai $#pharmacists $#gyógyszerész $#aptekarze $#lekárnici $#lékárníci $8--Trx--Apotheker $x05 $9391357115 244Z/01 $2Trx $#floora $#flora $#Flora $#flóra $#flora $#flóra $#flóra $8--Trx--Flora $x06 $9391370855 244Z/01 $2Trx $8--Trx--Zeitschriftenaufsatz $x07 $9391384341 244Z/01 $2Trx $#biograafiad $#biografijos $#biography $#életrajzok $#biografia $#biografie $#biografie $8--Trx--Biographie $x08 $9391352938 245Z/01 $a12.03 $x01 247C/01 $82080>Marburg/Lahn, Herder-Institut, Forschungsbibliothek, Bibliographieportal $9336309341
| LEADER | 00000caa a22000002c 4500 | ||
|---|---|---|---|
| 001 | 391580272 | ||
| 003 | DE-603 | ||
| 005 | 20210515205958.0 | ||
| 007 | tu | ||
| 008 | 161111s1996 xx |||| | u00||u|ger c | ||
| 035 | |a (DE-599)HEB391580272 | ||
| 040 | |a DE-603 |b ger |c DE-603 |d DE-603 | ||
| 041 | |a ger | ||
| 082 | 0 | 4 | |8 1\u |a 929.094382 |q DE-101 |2 23/BSB |
| 084 | |a PHARM |q DE-84 |2 fid | ||
| 084 | |a 15,3 |2 ssgn | ||
| 085 | |8 1\u |b 929 | ||
| 085 | |8 1\u |z 2 |s 4382 | ||
| 085 | |8 1\u |z 2 |s 43832 | ||
| 100 | 1 | |a Graepel, Peter Hartwig | |
| 245 | 0 | 0 | |a Der Caymener Apotheker Franz Julius Weiss, ein Bearbeiter der Flora des Samlandes |
| 264 | 0 | |c 1996 | |
| 773 | 0 | 8 | |i In |t Geschichte der Pharmazie |d Stuttgart : Dt. Apotheker-Verl., 1949- |x 0939-334X |g Band 48 (1996), Seite 38-40, Abb. |w (DE-603)046831002 |w (DE-600)1338-9 |
| 924 | 0 | |9 2080 |a (DE-603)787674567 |b DE-2080 |c HES |d d |g / | |


